000 02187nam0a22003371 4500
001 rc\2808188
005 20250529181055.0
035 _a(NLR Aleph) 006934070
090 _a7577568
_c7577568
100 _a20110915d1936 |||y0rusy50 ca
101 0 _arus
102 _aRU
105 _aa z |||||
200 1 _a39 бессемеровских плавок за смену
_fВ составлении материала принимали участие: нач. смены инж. Ю. Г. Зеленченок, мастер цеха - техник И. А. Задависвичко, мастер канавы Б. М. Боголепов
_gПодготовил материал к печати инж. Э. С. Духан
_gОтв. ред. - зам. тех. директора Завода В. Котельников
210 _aХарьков
_aДнепропетровск
_cГос. научно-техническое изд-во Украины
_d1936
215 _aОбл., 28 с.
_cил.
_d17х13 см.
225 1 _aБиблиотека стахановца
_fТех. кабинет Отдела тех. учебы и Бюро ИТС Завода им. Петровского
300 _a"В составлении материала принимали участие: нач. смены инж. Ю. Г. Зеленченок. Мастер цеха - техник И. А. Задависвичко, мастер канавы Б. М. Боголепов. Подготовил материал к печати инж. Э. С. Духан" (с. 2)
327 0 _aПредисл.: Бирман: "Браво, товарищи бессемеровцы!" (с. 11-13)
464 0 _12000#$aБраво, товарищи бессемеровцы!$fБирман
_tБраво, товарищи бессемеровцы!
702 1 _aБоголепов
_bБ.М.
_4570
702 1 _aДухан
_bЭ.С.
_4570
702 1 _aЗадависвичко
_bИ.А.
_4570
702 1 _aЗеленченок
_bЮ.Г.
_4570
702 1 _aКотельников
_bВ.
_4340
801 0 _aRU
_bNLR
_gpsbo
801 1 _aRU
_bELAR
_2rusmarc
852 _aNLR
_j36-9/490
942 _cBOOK
980 _aNB